Yalkut Mosheh, (Record no. 32456)
[ view plain ]
| 000 -LEADER | |
|---|---|
| fixed length control field | 00790cam a22002291 4500 |
| 001 - CONTROL NUMBER | |
| control field | he 67001228 |
| 003 - CONTROL NUMBER IDENTIFIER | |
| control field | DLC |
| 005 - DATE AND TIME OF LATEST TRANSACTION | |
| control field | 20260227111447.0 |
| 008 - FIXED-LENGTH DATA ELEMENTS--GENERAL INFORMATION | |
| fixed length control field | 870527r19641893is 000 0 hebr |
| 010 ## - LIBRARY OF CONGRESS CONTROL NUMBER | |
| LC control number | he 67001228 |
| 035 ## - SYSTEM CONTROL NUMBER | |
| System control number | (OCoLC)15737191 |
| 040 ## - CATALOGING SOURCE | |
| Original cataloging agency | DLC |
| Transcribing agency | TxU |
| Modifying agency | TxU |
| -- | DLC |
| 042 ## - AUTHENTICATION CODE | |
| Authentication code | premarc |
| 050 00 - LIBRARY OF CONGRESS CALL NUMBER | |
| Classification number | BS1225 |
| Item number | .M658 |
| 100 0# - MAIN ENTRY--PERSONAL NAME | |
| Personal name | Moses ben Israel Benjamin, |
| Titles and words associated with a name | of Ẓefat, |
| Relator term | comp. |
| 245 10 - TITLE STATEMENT | |
| Title | Yalkut Mosheh, |
| Remainder of title | meyusad ʻal shaʻar ha-Torah, shaʻar ha-regalim, shaʻar ha-parpaʼot ... shaʻar ha-mazalot, shaʻar ha-tekufot ... shaʻar ha-segulot, shaʻar refuʼot. |
| 260 ## - PUBLICATION, DISTRIBUTION, ETC. | |
| Place of publication, distribution, etc. | Yerushalayim, |
| Date of publication, distribution, etc. | 725, [1964 or 5] |
| 300 ## - PHYSICAL DESCRIPTION | |
| Extent | 81 l. |
| Dimensions | 25 cm. |
| 500 ## - GENERAL NOTE | |
| General note | Photo-offset of Munkács, 1893 or 4 ed. |
| 630 00 - SUBJECT ADDED ENTRY--UNIFORM TITLE | |
| Uniform title | Bible. |
| Name of part/section of a work | Pentateuch |
| General subdivision | Commentaries. |
| 650 #0 - SUBJECT ADDED ENTRY--TOPICAL TERM | |
| Topical term or geographic name entry element | Gematria. |
No items available.